000 01208cam a2200241 4500
001 ABS62601
008 000000n2000 000 0 eng u
035 _a(Sirsi) u107546
100 _aBrewer, G.
245 _aDeveloping adjudication
260 _c2000
490 _aContract Journal
_v404(6280) 7 June 2000, 22(1)
520 _aExamines the scope of adjudication, with reference to the growing number of decided cases which continue to develop and clarify adjudication procedure. In particular, discusses "FW Cook v Shimizu (UK)" where the court had to consider the notice of adjudication , and the adjudicator's decision of interpretation of the issues.
590 _aABS
650 _aMANAGEMENT-DISPUTE AVOIDANCE, MANAGEMENT AND RESOLUTION-DISPUTE MANAGEMENT AND RESOLUTION-ALTERNATIVE DISPUTE RESOLUTION-ADJUDICATION
650 _aFW COOK V SHIMIZU (UK) LTD
650 _aINTERPRETATION
650 _aBOUYGUES UK LTD V DAHL-JENSEN UK LTD
650 _aMANAGEMENT-DISPUTE AVOIDANCE, MANAGEMENT AND RESOLUTION-DISPUTE MANAGEMENT AND RESOLUTION-ALTERNATIVE DISPUTE RESOLUTION-ADJUDICATION-ADJUDICATION AWARDS
650 _aLITIGATION
690 _aDispute resolution
_96236
942 _n0
999 _c64279
_d64279